|
|
|
|
| LEADER |
01134nam a2200265 4500 |
| 001 |
c000009786 |
| 003 |
CARM |
| 005 |
00000000000000.0 |
| 008 |
700908s1966 xx a 10000 eng d |
| 010 |
|
|
|a 65-29254
|
| 019 |
1 |
|
|a 5028575
|z 4048371
|5 LACONCORD2021
|
| 035 |
|
|
|a (OCoLC)1577311
|5 LACONCORD2021
|
| 040 |
|
|
|a DNLM
|c DNLM
|
| 060 |
0 |
|
|a W3
|b WE429 v.6 1965
|
| 245 |
0 |
0 |
|a Comparative leukaemia research;
|b proceedings of an international Wenner-Gren symposium held in Stockholm, September 1965. Edited by G. Winqvist.
|
| 250 |
|
|
|a [1st ed.]
|
| 260 |
|
|
|a Oxford,
|b Symposium Publications Division, Pergamon Press
|c [1966]
|
| 300 |
|
|
|a ix, 268 p.
|b illus.
|
| 440 |
|
0 |
|a Wenner-Gren Center international symposium series ;
|v v. 6
|
| 650 |
|
2 |
|a Leukemia, Experimental
|x Congresses.
|
| 700 |
1 |
|
|a Winqvist, Gosta.
|
| 740 |
0 |
1 |
|a International Wenner-Gren symposium on comparative leukaemia research
|
| 852 |
8 |
|
|b CARM
|h A2:AD31D0
|i C00052
|p 0002989
|f BK
|
| 999 |
f |
f |
|i 12aebf7c-1759-5e43-8a48-58a95b00b261
|s 5add2868-8c74-5977-8c55-04524ed89002
|
| 952 |
f |
f |
|p Can circulate
|a CAVAL
|b CAVAL
|c CAVAL
|d CARM 1 Store
|e C00052
|f A2:AD31D0
|h Other scheme
|i book
|m 0002989
|